000 00448nam a2200169Ia 4500
005 20250923145956.0
008 008 250917s9999 xx 000 0 eng d
037 _aTextual
040 _aDSWL
_beng
_cDSWL
041 _aeng
_2eng
084 _qDSWL
245 0 _aProblem Centered Systems Therapy of the Family Feb. 17-21, 1992
_c by Association Indian
260 _c1992
300 _a31 p.
942 _cTEXL
999 _c1458031
_d1458031